000 00990cam a2200253 i 4500
005 20251214113744.0
008 250721s2007 jo gr 000 0 ara d
020 _a9957003046
082 1 4 _a216.794
_bخ ط ا
100 1 _aخطاب، مهنا
_eمؤلف.
245 1 2 _aالإجهاض:
_bمضاعفاته الطبية وأحكامه الشرعية /
_cتأليف د. مهنا علي خطاب ؛ د. محمد إبراهيم أبو جريبان.
250 _aالطبعة الأولى.
264 3 1 _aعمان :
_bدار الشروق للنشر و التوزيع،
_c2007.
300 _a175 صفحة.
650 1 7 _aالفقه الإسلامي.
650 1 7 _aالإجهاض.
650 1 7 _aالأمراض النسائية.
650 1 7 _aالفتاوى.
650 1 7 _aالثقافة الإسلامية.
700 1 _aأبو جريبان، محمد
_eمؤلف.
700 1 _aخطاب، مهنا علي
_eمؤلف.
942 _2ddc
_cBK
999 _c109215
_d109215